00504 2200217 4500001002100000005001500021008004100036020002200077035001900099041000600118082000800124090001400132100002100146700001600167245002500183250000600208260001500214300003300229500000600262650001800268INLIS00000000000591420241224113206241224||||||||| | ||| |||| ||  a978-979-29-0252-5 0010-1224005914 a00 a004 a004 FER e0 aFerry Wiharsasto0 aOgi Sigit P00aEnam Jam Merias Blog a1 bandic2008 aviii, 100 hlm.; Ilus.: 19 cm a1 0aIlmu Komputer